| 000 | 00783nam a2200217Ia 4500 | ||
|---|---|---|---|
| 005 | 20250108125124.0 | ||
| 008 | 008 250107s9999 xx 000 0 hin d | ||
| 020 | _a978-81-291-3558-2 | ||
| 037 | _aTB | ||
| 040 |
_aCRL _bhin _cCRL |
||
| 041 |
_ahin _2hin |
||
| 084 | _a234:(D65,8(B) R0 | ||
| 084 | _qCRL | ||
| 100 | _aदुर्गा प्रसाद, ले. | ||
| 245 | 0 |
_aतुलसीदास के मानसेतर काव्य में नवजागरण के तत्व _cदुर्गा प्रसाद, ले. |
|
| 260 |
_aकोलकाता, भारत _bमानव प्रकाशन _c3392 |
||
| 300 | _a132पृ0 | ||
| 365 |
_aINR _b1150 |
||
| 942 |
_cTB _h234:(D65,8(B) R0 |
||
| 999 |
_c1235780 _d1235780 |
||